Loading...
Literature - World Literature | 0 | 4 | 0 | 1 | 40 | 83 | 111.25 | 0 | 2 |
History - European History | 0 | 3 | 0 | 0 | 30 | 83 | 100.67 | 0 | 1 |
Literature - European Literature | 0 | 3 | 0 | 1 | 30 | 73 | 107.33 | 0 | 2 |
Literature - British Literature | 1 | 1 | 0 | 0 | 25 | 52 | 82.00 | 1 | 2 |
Philosophy | 0 | 2 | 0 | 0 | 20 | 103 | 107.50 | 0 | 1 |
Mythology | 0 | 2 | 0 | 0 | 20 | 96 | 103.50 | 0 | 1 |
Science - Other Science | 0 | 2 | 0 | 0 | 20 | 75 | 82.00 | 1 | 2 |
History - World History | 0 | 2 | 1 | 0 | 15 | 128 | 129.00 | 0 | 0 |
Social Science | 1 | 0 | 1 | 0 | 10 | 15 | 15.00 | 1 | 1 |
Geography | 0 | 1 | 0 | 0 | 10 | 107 | 107.00 | 0 | 1 |
History - American History | 0 | 1 | 0 | 0 | 10 | 93 | 93.00 | 0 | 0 |
History - Other History | 0 | 2 | 2 | 2 | 10 | 110 | 113.50 | 0 | 0 |
Science - Biology | 0 | 1 | 0 | 0 | 10 | 90 | 90.00 | 0 | 0 |
Current Events | 0 | 1 | 0 | 0 | 10 | 111 | 111.00 | 0 | 0 |
Fine Arts - Other Fine Arts | 1 | 0 | 2 | 0 | 5 | 61 | 61.00 | 0 | 1 |
Science - Physics | 0 | 0 | 0 | 0 | 0 | 0.00 | 0 | 0 | |
Science - Chemistry | 0 | 0 | 1 | 0 | -5 | 0.00 | 0 | 0 | |
Fine Arts - Auditory Fine Arts | 0 | 0 | 1 | 0 | -5 | 0.00 | 0 | 0 |